| 000 | 00415nam a22001577a 4500 | ||
|---|---|---|---|
| 020 | _a81-2591616-4 | ||
| 082 |
_a320 _bKHA/I |
||
| 100 | _aKHANNA , V.N | ||
| 245 |
_aINTERNATIONAL RELATIONS _bSOCIAL SCIENCE |
||
| 246 |
_aINTERNATIONAL RELATIONS _bSOCIAL SCIENCE |
||
| 260 |
_aNEW DELHI _bVIKAS PUBLISHING HOUSE PVT LTD _c2004 |
||
| 300 | _a453 | ||
| 520 | _aSOCIAL SCIENCE | ||
| 650 | _aSOCIAL SCIENCE | ||
| 942 | _cBK | ||
| 999 |
_c1536 _d1536 |
||